Seçim güvenliği ve Türkiye uygulamaları (Record no. 6063)

MARC details
000 -BAŞLIK
Sabit Uzunlukta Kontrol Alanı 00744na a2200229 4500
001 - KONTROL NUMARASI
Denetim Alanı 19111
003 - KONTROL NUMARASI IDENTIFIER
Denetim Alanı MIRAKIL
005 - SON İŞLEM TARİHİ VE ZAMANI
Denetim Alanı 20181213155055.0
008 - SABİT-BOY VERİ ELEMANLARI - GENEL BİLGİLER
Sabit Uzunlukta Kontrol Alanı 161208b tu 000 0
040 ## - KATALOGLAMA KAYNAK
Orijinal Kataloglama Ajansı Milas
Kataloglama Dili tur
Metne Dönüştürmek Ajansı TR-AnCHP
041 ## - DİL KODU
Metin / Ses Parça Veya Ayrı Başlığın Dil Kodu tur
082 ## - DEWEY ONLU SINIFLANDIRMA NUMARASI
Sınıflandırma Numarası 364.1324
Ürün Numarası Ü54s 2011
090 ## - SINIFLAMA NUMARASI
Sınıflama Numarası 364.1324 Ü54s 2011
100 ## - ANA GİRİŞ - KİŞİSEL İSİM
Kişisel Ad Ünlü, Nafiz
245 ## - BAŞLIK TABLOSU
Başlık Seçim güvenliği ve Türkiye uygulamaları
Başlığın Kalan "Seçim manipulasyonunu ortaya çıkarmak ve engellemek"
Sorumluluk Tablosu, Vb Nafiz Ünlü
246 ## - UNVAN FORM VARYING
Başlık Doğru / Kısa Başlığı Seçim manipulasyonunu ortaya çıkarmak ve engellemek
260 ## - YAYIN, DAĞITIM, VB
Yayın, Dağıtım, Vb Yeri [y.y.]
Yayıncı, Dağıtıcı, Vs Adı Bilişim Güvenliği Derneği
Yayın, Dağıtım, Vb Tarihi 2011
300 ## - FİZİKSEL TANIM
Kapsam 40 s.
Diğer Fiziksel Ayrıntıları şkl.
Boyutlar 28 sm.
504 ## - KAYNAKÇA VB NOT
Kaynakça Vb Notu Kaynakça var.
650 ## - KONU KATMA GİRİŞ - TOPİKAL DÖNEM
Topikal Süreli Veya Coğrafi Ad Giriş Elemanı Seçim suçları
Genel Alt Bölümü Önlemler
Coğrafi Alt Bölümü Türkiye
942 ## - EKLENDİ GİRİŞ ELEMANLARI (KOHA)
Sınıflandırma Veya Raf Düzeni Kaynak Dewey Decimal Classification
Koha Öğesi Türü Books
999 ## - SİSTEM KONTROL NUMARALARI (KOHA)
Koha Biblionumber 6063
Koha Biblioitemnumber 6063
Holdings
Kalıcı Konum Mevcut Konum Edinme Tarihi Edinim Kaynak Toplam Check-Out'Lar Tam Çağrı Numarası Barkod Tarih Son Görülme İtibaren Geçerli Fiyatlar Koha Öğesi Türü
CHP Kütüphanesi CHP Kütüphanesi 12/08/2016 Bağış   364.1324 Ü54s 2011 008960 12/08/2016 12/08/2016 Books